Państwa według sieci drogowych - Statystyki

Ogólne statystyki
  • Ten quiz został rozwiązany 40 razy
  • Średni wynik to 13 z 19
Odpowiedzi na mapie
Odpowiedzi zakodowano w zielono-czerwonej skali na mapie do tego quizu, zgodnie z poniższymi procentami.
 
Statystyki odpowiedzi
Odpowiedż % Poprawnych
Australia
95%
Stany Zjednoczone
95%
Meksyk
90%
Włochy
90%
Chile
87%
Niemcy
87%
Chorwacja
85%
Szwecja
85%
Chiny
82%
Egipt
82%
Portugalia
77%
Holandia
69%
Polska
69%
Iran
67%
Republika Południowej Afryki
46%
Watykan
46%
Malezja
44%
Demokratyczna Republika Konga
38%
Singapur
15%
Nie znaleziono quizów pasujących do podanych kryteriów
Rozkład punktacji
Procent ludzi z każdym wynikiem
Percentyl według liczby udzielonych odpowiedzi
Twoja historia wyników
Nie rozwiązałeś tego quizu